书目信息 |
| 题名: |
图形图像设计教程
|
|
| 作者: | 温永刚 , 赵俊丽 , 于俊乐 , 郝鹏 编著 | |
| 分册: | ||
| 出版信息: | 北京 北京交通大学出版社 2005.09 |
|
| 页数: | 231页 | |
| 开本: | 26cm | |
| 丛书名: | ||
| 单 册: | ||
| 中图分类: | TP391.41 | |
| 科图分类: | ||
| 主题词: | 图形软件--tu xing ruan jian--Photoshop CS--高等学校--教材 | |
| 电子资源: | ||
| ISBN: | 7-81082-493-7 | |
| 000 | 00998nam0 2200277 450 | |
| 001 | 012006164718 | |
| 005 | 20060701085358.87 | |
| 010 | @a7-81082-493-7@dCNY21.00 | |
| 100 | @a20060518d2005 km y0chiy0120 ea | |
| 101 | 0 | @achi |
| 102 | @aCN@b110000 | |
| 105 | @aa z 000yy | |
| 200 | 1 | @a图形图像设计教程@Atu xing tu xiang she ji jiao cheng@f于俊乐 … [等] 编著@Fyu jun yue…[deng]bian zhu |
| 210 | @a北京@c北京交通大学出版社@d2005.09 | |
| 215 | @a231页@c图@d26cm | |
| 300 | @a高等院校计算机应用技术系列教材 | |
| 304 | @a编著还有:温永刚、赵俊丽、郝鹏 | |
| 330 | @aPhotoshop CS是ADOBE公司推出的新一代图形图像处理软件,在当今的图形图像处理行业中已得到了广泛的应用。 | |
| 606 | 0 | @a图形软件@Atu xing ruan jian@xPhotoshop CS@x高等学校@j教材 |
| 690 | @aTP391.41@v4 | |
| 701 | 0 | @a温永刚@Awen yong gang@4编著 |
| 701 | 0 | @a赵俊丽@Azhao jun li@4编著 |
| 701 | 0 | @a于俊乐@Ayu jun yue@4编著 |
| 701 | 0 | @a郝鹏@Ahao peng@4编著 |
| 801 | 0 | @aCN@bQSSK@c20060701 |
| 905 | @a10447@dTP391.41@eY711 | |
| 图形图像设计教程/于俊乐 … [等] 编著.-北京:北京交通大学出版社,2005.09 |
| 231页:图;26cm |
| 高等院校计算机应用技术系列教材 |
| ISBN 7-81082-493-7:CNY21.00 |
| Photoshop CS是ADOBE公司推出的新一代图形图像处理软件,在当今的图形图像处理行业中已得到了广泛的应用。 |
| ● |
| 相关链接 |
|
|
|
正题名:图形图像设计教程
索取号:TP391.41/Y711
 
预约/预借
| 序号 | 登录号 | 条形码 | 馆藏地/架位号 | 状态 | 备注 |
| 1 | 581040 | 205810407 | 自科库301/301自科库 68排2列1层/ [索取号:TP391.41/Y711] | 在馆 | |
| 2 | 581041 | 205810416 | 自科二线404/404自科库 14排4列6层/ [索取号:TP391.41/Y711] | 在馆 | |
| 3 | 581042 | 205810425 | 自科库301/301自科库 68排2列1层/ [索取号:TP391.41/Y711] | 在馆 |